| 000 | 01719nam0a2200397 4500 | ||
|---|---|---|---|
| 001 | RU\NLR\BIBL_A\016214480 | ||
| 005 | 20230118120305.0 | ||
| 010 |
_a978-5-04-154551-2 _92000 |
||
| 021 |
_aRU _bКН-П-22-072221 _9КН-П-22-6283 |
||
| 035 | _a(NLR Aleph) 016214480 | ||
| 035 | _a(RuMoRGB)011295153 | ||
| 090 |
_a12717800 _c12717800 |
||
| 100 | _a20221122d2022 u y0rusy50 ca | ||
| 101 | 1 |
_arus _ceng |
|
| 102 | _aRU | ||
| 105 | _aa z 001zy | ||
| 181 | 0 |
_ai3 _baxxe |
|
| 182 | 1 | _an | |
| 200 | 1 |
_aAgile, который работает _eкак правильно трансформировать бизнес во времена радикальных перемен _fДаррелл Ригби, Сара Элк, Стив Берез _g[перевод с английского В. Шереметьевой] |
|
| 203 |
_aТекст _bвизуальный _cнепосредственный |
||
| 210 |
_aМосква _cЭксмо _cБомбора _d2022 |
||
| 215 |
_a318, [1] с. _cил. _d22 |
||
| 225 | 1 | _aПроектный менеджмент | |
| 320 | _aБиблиогр.: с. 287-306 и в примеч.: с. 308-314 | ||
| 320 | _aАлф. указ.: с. 316-319 | ||
| 333 | _a12+ | ||
| 606 | 1 |
_aПроекты _jПопулярные издания _xУправление _91734110 _3RU\NLR\AUTH\661071500 |
|
| 606 | 1 |
_aОрганизации _jПопулярные издания _xУправление _92081403 _3RU\NLR\AUTH\661257382 |
|
| 686 | 1 | _aУ21(0)2я9 | |
| 700 | 1 |
_aРигби _bД. _gДаррелл |
|
| 701 | 1 |
_aЭлк _bС. _gСара |
|
| 701 | 1 |
_aБерез _bС. _gСтив |
|
| 942 | _cBOOK | ||
| 980 | _aNB | ||